00461nam a2200145Ia 4500008004100000020001400041050001500055100001800070245003400088260003400122300002400156650001300180999001900193952010300212150202s9999 xx 000 0 und d a140097317 aFIC bFIC  aAuster, Paul. aCity of glass /cPaul Austin. aUSA :bPenguin Books, c1985. a203 pages :c21 cm. aFiction. c281828d281828 001040aSMCbSMCcFICd2015-02-02l0oFIC Au7c 1985pSMC2161r2015-02-02 00:00:00w2015-02-02yBK